000
00228 a2200097 4500
001
27707
100
_a
Norris, B
245
_a
Power transistor & TTL integrate circuits app.
260
_a
_b
McGraw-Hill
_c
090
_c
18480
_d
18480
942
_a
NUST-CAE
_c
M
_c
9425
999
_c
262780
_d
262780